Britain (Record no. 136117)

MARC details
000 -LEADER
fixed length control field 00706nam a22002297a 4500
005 - DATE AND TIME OF LATEST TRANSACTION
control field 20170124110254.0
010 ## - LIBRARY OF CONGRESS CONTROL NUMBER
LC control number 458465
020 ## - INTERNATIONAL STANDARD BOOK NUMBER
Terms of availability 00.00
International Standard Book Number 0117009253
035 ## - SYSTEM CONTROL NUMBER
System control number 458465
037 ## - SOURCE OF ACQUISITION
Source of stock number/acquisition Cen Lib/Ret
040 ## - CATALOGING SOURCE
Original cataloging agency DPL
Language of cataloging EN
082 ## - DEWEY DECIMAL CLASSIFICATION NUMBER
Classification number 941
Item number BRI
110 ## - MAIN ENTRY--CORPORATE NAME
Corporate name or jurisdiction name as entry element London.Central Office of Information
9 (RLIN) 97697
245 ## - TITLE STATEMENT
Title Britain
Remainder of title an official handbook /
260 ## - PUBLICATION, DISTRIBUTION, ETC. (IMPRINT)
Place of publication, distribution, etc London
Name of publisher, distributor, etc Central Office of Information
Date of publication, distribution, etc 1967
270 ## - ADDRESS
City London
300 ## - PHYSICAL DESCRIPTION
Extent 558p. :
Dimensions 21cm(Hb)
Other physical details ill.
500 ## - GENERAL NOTE
General note Includes bibliographical references and index
650 ## - SUBJECT ADDED ENTRY--TOPICAL TERM
Topical term or geographic name as entry element Great Britain -- Economic conditions.
9 (RLIN) 97698
650 ## - SUBJECT ADDED ENTRY--TOPICAL TERM
Topical term or geographic name as entry element Great Britain -- Statistics.
9 (RLIN) 97699
942 ## - ADDED ENTRY ELEMENTS (KOHA)
Source of classification or shelving scheme Dewey Decimal Classification
Koha item type English Books
Classification part 941
Call number suffix BRI
Holdings
Withdrawn status Lost status Damaged status Not for loan Home library Current library Date acquired Total Checkouts Full call number Barcode Date last seen Copy number Price effective from Koha item type
        Central Library Central Library 16/12/2015   941 BRI 458465 16/12/2015 1 16/12/2015 English Books

© Delhi Public Library
Hit Counter
free hit counter